The Theory of functional grammar

Uloženo v:
Podrobná bibliografie
Hlavní autor: Dik, Simon C.
Médium: Kniha
Jazyk:Undetermined
Vydáno: Berlin Mouton de Gruyter 1997
Témata:
Tagy: Přidat tag
Žádné tagy, Buďte první, kdo otaguje tento záznam!
Thư viện lưu trữ: Trung tâm Học liệu Trường Đại học Cần Thơ
LEADER 00587nam a2200193Ia 4500
001 CTU_196094
008 210402s9999 xx 000 0 und d
020 |c 1928000 
082 |a 415 
082 |b D536/P.1 
100 |a Dik, Simon C. 
245 4 |a The Theory of functional grammar 
245 0 |c Simon C. Dik ; edited by Kees Hengeveld. 
260 |a Berlin 
260 |b Mouton de Gruyter 
260 |c 1997 
650 |a Functionalism (Linguistics),Thuyết chức năng (ngôn ngữ học) 
904 |i Bằng 
980 |a Trung tâm Học liệu Trường Đại học Cần Thơ